00378nam a2200121Ia 45000010005000000080041000050820024000461000041000702450074001112600030001859010026002159990015002413996241024s9999 xx 000 0 und d aRD/923.2/P438r/2015 aJosé Joaquín Pérez Saviñón 0aResumen de la verdadera historia del General Juan Pablo Duarte y Diez bInstituto Duartianoc2015 a4/7/2015 2:35:23 a.m. c7654d7654